Mapa de Capitales de Estados de EE. UU. - Estadísticas

Estadísticas generales
  • Esta prueba ha sido intentada 4.550 veces
  • La puntuación promedio es 22 de 50
Respuestas en el mapa
Las respuestas están codificadas por una escala verde-roja en el mapa de la prueba según el % correcto abajo.
 
Estadísticas de respuestas
Respuesta % Correcto
Honolulu
84%
Sacramento
82%
Austin
72%
Phoenix
66%
Oklahoma City
64%
Denver
61%
Juneau
61%
Salt Lake City
60%
Atlanta
59%
Santa Fe
59%
Tallahassee
54%
Indianápolis
52%
Salem
52%
Olympia
51%
Albany
50%
Baton Rouge
49%
Boise
49%
Boston
49%
Carson City
48%
Nashville
48%
Helena
47%
Bismarck
43%
Springfield
42%
Cheyenne
41%
Columbus
39%
Des Moines
39%
Little Rock
39%
Montgomery
38%
Saint Paul
38%
Jackson
37%
Topeka
37%
Pierre
36%
Lansing
34%
Lincoln
34%
Madison
34%
Augusta
33%
Frankfort
32%
Harrisburg
32%
Providence
32%
Montpelier
30%
Annapolis
29%
Charleston
29%
Jefferson City
29%
Raleigh
28%
Richmond
27%
Columbia
25%
Concord
25%
Trenton
25%
Dover
24%
Hartford
23%
No se encontraron pruebas coincidentes
Distribución de puntuación
Porcentaje de gente con cada puntuación
Porcentaje por número respondido
Historial de tus puntuaciones
No has intentado esta prueba.